Krayon

Bibliographic Details
Main Author: Hazimi Malek
Format: Book
Published: Selangor : Eddiplex Sdn.Bhd , 2005
Series:Skil seni lukis Teknik dan kaedah penggunaan
Subjects:

MARC

LEADER 00000cam a2200000 7i4500
001 0000005105
005 20151222.0
008 0700108
020 |a 9838806471 
090 0 0 |a JF   |b ART MAL (5447) 
100 0 |a Hazimi Malek 
245 1 0 |a Krayon   |c Hazimi Malek 
260 |a Selangor :   |b Eddiplex Sdn.Bhd ,   |c 2005 
440 0 |a Skil seni lukis   |v Teknik dan kaedah penggunaan 
500 |a Children ages 7-9 years old (orange) 
650 0 |a Art   |x Study and teaching 
650 0 |a English   |x Study and teaching 
999 |a 0000905553   |b Book   |c Teenagers   |e Cawangan Bandar Tenggara 
999 |a 0000977492   |b Book   |c Children Collection   |e Perbadanan Perpustakaan Awam Johor 
999 |a 0000977493   |b Book   |c Children Collection   |e Perbadanan Perpustakaan Awam Johor 
999 |a 0000977494   |b Book   |c Children Collection   |e Perbadanan Perpustakaan Awam Johor 
999 |a 0000977495   |b Book   |c Children Collection   |e Perbadanan Perpustakaan Awam Johor 
999 |a 0000977496   |b Book   |c Children Collection   |e Perbadanan Perpustakaan Awam Johor 
999 |a 0001013104   |b Book   |c Children Collection   |e Cawangan Mersing 
999 |a 0001013106   |b Book   |c Children Collection   |e Cawangan Taman Universiti 
999 |a 0001071149   |b Book   |c Children Collection   |e Cawangan Bandar Penawar 
999 |a 0001071152   |b Book   |c Children Collection   |e Cawangan Tmn. Ungku Tun Aminah 
999 |a 0001071161   |b Book   |c Children Collection   |e Cawangan Tmn. Ungku Tun Aminah